Cultura general por letra - G - Estadísticas

Estadísticas generales
  • Esta prueba ha sido intentada 4.916 veces
    4.891 desde el último reinicio
  • La puntuación promedio es 13 de 20
Estadísticas de respuestas
Pista Respuesta % Correcto
Según la tradición, a Santa Claus se le debe dejar un vaso con leche y: Galletas
96%
Prenda de invierno para cubrir las manos Guantes
94%
Primer país en celebrar los Juegos Olímpicos Grecia
92%
Líder revolucionario de la India Gandhi
89%
Monstruo de piedra en el tejado de una iglesia estilo gótico para asustar a los malos espíritus Gárgola
86%
Canción popular de Daddy Yankee "Gasolina"
85%
Marca italiana que acostumbra a poner en sus prendas logomanía Gucci
80%
Medio de transporte aéreo que se eleva con aire caliente Globo aerostático
74%
Instrumento musical que, supuestamente, tiene forma del cuerpo de una mujer Guitarra
74%
Empresa tecnológica que fue nombrada por error debido a un fallo tipográfico Google
72%
Islas en las que Darwin desarrolló la teoría de la Evolución Galápagos
70%
Deporte en el que se necesita tener la menos puntuación posible para ganar Golf
69%
Postre hecho a base de grenetina Gelatina
68%
Animal famoso que aprendió más de 1,000 signos en lenguaje de señas Gorila Koko
64%
En fútbol, cuando un jugador anota un gol directamente desde un tiro de esquina, sin que nadie más toque el balón Gol Olímpico
62%
Metrópoli mexicana cercana al pueblo de Tequila Guadalajara
45%
Queso azul originario de la región italiana de Lombardia Gorgonzola
38%
Vocalista de la banda Soda Stereo Gustavo Cerati
27%
Chef de la película Ratatouille Gusteau
22%
Garnacha mexicana, hecha de masa y rellena de un guisado Gordita
8%
No se encontraron pruebas coincidentes
Distribución de puntuación
Porcentaje de gente con cada puntuación
Porcentaje por número respondido
Historial de tus puntuaciones
No has intentado esta prueba desde el último reinicio